Bez znalosti trhu je každé manažerské rozhodnutí krokem do tmy. 4 Mistrovský list

Prieskum trhu. Pojem kultúra trhu - všetky psychologické zvláštnosti, ktoré odlišujú zákazníkov. Význam indexu objemu tržieb v sektore spotrebného tovaru ako dôležitého ekonomického indikátora pre analýzu trhu. Ďalšie indikátory, dôležité pre analýzu trhu.

Salvato in:
Dettagli Bibliografici
Autore principale: Bureš, I.
Natura: Capitolo di libro
Lingua:ceco
Soggetti:
Tags: Aggiungi Tag
Nessun Tag, puoi essere il primo ad aggiungerne!!

MARC

LEADER 00000naa a2200000 4500
001 r015429
005 20221213090149.5
041 0 |a cze 
044 |a SK 
245 1 0 |a Bez znalosti trhu je každé manažerské rozhodnutí krokem do tmy. 4  |b Mistrovský list  |c I. Bureš 
520 |a Prieskum trhu. Pojem kultúra trhu - všetky psychologické zvláštnosti, ktoré odlišujú zákazníkov. Význam indexu objemu tržieb v sektore spotrebného tovaru ako dôležitého ekonomického indikátora pre analýzu trhu. Ďalšie indikátory, dôležité pre analýzu trhu. 
610 2 0 |a analýza trhu 
610 2 0 |a etika 
610 2 0 |a trh 
610 2 0 |a prieskum trhu 
610 2 0 |a dopyt 
610 2 0 |a tovar spotrebný 
610 2 0 |a kúpyschopnosť 
100 1 |a Bureš, I.